000 01937cam a22005174i 4500
003 PE-LiUPU
005 20250731173547.0
008 150616s1987 gs rb 000 0 eng d
020 _a1555401430
035 _a(Sirsi) i9781555401436
040 _aPE-LiUPU
_bspa
_cPE-LiUPU
_erda
049 _aPRUA
082 0 4 _a261
_bW43
_221
100 1 _aWeltin, E. G.,
_eautor.
245 1 0 _aAthens and Jerusalem :
_ban interpretative essay on Christianity and classical culture /
_cE. G. Weltin.
264 1 _aAtlanta, Georgia :
_bScholars Press,
_c1987.
300 _a257 páginas ;
_c23 centímetros.
336 _atext
_2rdacontent
337 _aunmediated
_2rdamedia
338 _avolume
_2rdacarrier
490 0 _aAAR Studies in Religion ;
_v49
504 _aBibliografía: páginas 237-245.
505 0 _aPlato an Attic Moses? -- The corporate and "totalitarian" -- The rational -- The legal and institutional -- The aristocratic -- The humanistic.
526 _aSEG42
526 _aSEG41
526 _aSEG40
526 _aSEG39
526 _aP94
526 _aP87
526 _aP86
526 _aP85
526 _aP77
526 _aP76
526 _aP35
650 1 4 _aCristianismo y cultura
_xHistoria
_yIglesia primitiva, ca. 30-600
650 2 4 _aCristianismo y otras religiones
_xGriego.
650 2 4 _aCristianismo y otras religiones
_xRomano.
650 2 4 _aHistoria de la Iglesia
_yIglesia primitiva y primitiva, ca. 30-600
910 _ajck
_bjvq
_cjck
942 _2ddc
_cBOOK
949 _a261 W43
_wDEWEY
_c1
_i42907
_lCCODEBUL1
_mBUL
_r0
_sY
_tBOOK
_u2015-4-23
_xTEOLOGIA
_zUNKNOWN
_0COMPRA
_o.STAFF. Colección General
994 _aC0
_bPEPRU
596 _a1
999 _a261 W43
_wDEWEY
_c60875
_i42907
_f2021-11-12
_g5
_lCCODEBUL1
_mBUL
_p45.00
_r0
_sY
_tBOOK
_u2015-4-23
_xTEOLOGIA
_PP35
_0COMPRA
_o.STAFF. Colección Teología
_d60875
980 _81
_gALBERTO SANCHEZ Responsable de Automatización